|
|
|
|
| LEADER |
01453nam a2200373Ia 4500 |
| 001 |
EBC3330751 |
| 003 |
MiAaPQ |
| 005 |
20200520144314.0 |
| 006 |
m o d | |
| 007 |
cr cn||||||||| |
| 008 |
970602s1996 quc sb 001 0deng d |
| 010 |
|
|
|z 97156913
|
| 020 |
|
|
|z 0773513957
|
| 020 |
|
|
|z 0773513965 (pbk.)
|
| 035 |
|
|
|a (MiAaPQ)EBC3330751
|
| 035 |
|
|
|a (Au-PeEL)EBL3330751
|
| 035 |
|
|
|a (CaPaEBR)ebr10141421
|
| 035 |
|
|
|a (CaONFJC)MIL285386
|
| 035 |
|
|
|a (OCoLC)929120957
|
| 040 |
|
|
|a MiAaPQ
|c MiAaPQ
|d MiAaPQ
|
| 050 |
|
4 |
|a HB102.P64
|b B38 1996
|
| 100 |
1 |
|
|a Baum, Gregory,
|d 1923-
|
| 245 |
1 |
0 |
|a Karl Polanyi on ethics and economics
|h [electronic resource] /
|c Gregory Baum.
|
| 260 |
|
|
|a Montreal ;
|a Buffalo :
|b McGill-Queen's University Press,
|c 1996.
|
| 300 |
|
|
|a xv, 94 p.
|
| 500 |
|
|
|a A "slightly edited version" of the Sproule lectures on Christian ethics presented in February 1993 at McGill.
|
| 504 |
|
|
|a Includes bibliographical references (p. [85]-91) and index.
|
| 533 |
|
|
|a Electronic reproduction. Ann Arbor, MI : ProQuest, 2015. Available via World Wide Web. Access may be limited to ProQuest affiliated libraries.
|
| 600 |
1 |
0 |
|a Polanyi, Karl,
|d 1886-1964.
|
| 650 |
|
0 |
|a Economists
|z Hungary.
|
| 650 |
|
0 |
|a Economics
|x Moral and ethical aspects.
|
| 655 |
|
4 |
|a Electronic books.
|
| 710 |
2 |
|
|a ProQuest (Firm)
|
| 856 |
4 |
0 |
|u https://ebookcentral.proquest.com/lib/matrademy/detail.action?docID=3330751
|z Click to View
|